000 00480 a2200145 4500
020 _a0-89-871-198-3
082 _a515.7
090 _c1796
_d1796
100 _aLinz, Peter
245 _aAnalytical and Numerical Methods for Volterra Equations
_cPeter Linz
260 _bSIAM Philadelphia
_c1985
300 _axiii, 227
942 _aSNS
_cBK
_k515.7 LIN
999 _c30402
_d30402